Škola esperanta učebnice, rozmluvy, čítanka

Bibliographic Details
Other Authors: Bouška, Hynek Karel, 1884-1962 (Compiler)
Format: Book
Language:Czech
Esperanto
PhysicalDescription:159 s. 8°
Published: Praha H.K. Bouška 1923
Subjects:

MARC

LEADER 00000cam a2200000 a 4500
001 vtls001358162
003 SK-MaSNL
005 20260331203448.0
008 240314s1923 xr p 00000 cze
035 |a SNK000311679 
040 |a SNK  |b slo  |c SNK  |e AACR2 
041 0 |a cze  |a epo 
044 |a xr  |c CZ 
072 7 |a 811.9  |x Umelé jazyky  |2 konspekt 
080 |a 811.922  |2 2011 
080 |a (075)  |2 2011 
100 1 |a Bouška, Hynek Karel,  |d 1884-1962  |4 com  |9 125593 
245 1 0 |a Škola esperanta  |b učebnice, rozmluvy, čítanka  |c pro začátečníky i pokročilé sestavil a vydal H.K. Bouška 
260 |a Praha  |b H.K. Bouška  |c 1923 
300 |a 159 s.  |c 8° 
500 |a Kurs 1. 1920-21. Seš. 1-10 
650 0 7 |a esperanto  |2 SNKPH  |9 22400 
655 7 |a učebnice  |2 SNKPH  |9 22521 
852 |a Slovenská národná knižnica 
999 |c 720549  |d 722479 
952 |t P60, <04>, [BOOK], {604}  |a SNK  |b SNK  |y VYP  |7 0  |p 17A0186925  |o snkIC 60238  |0 0  |1 0  |4 0  |d 1999-03-18  |l 0  |r 2005-01-02 00:00:00  |w 2026-02-23